Concise encyclopedia of chemical technology

में बचाया:
ग्रंथसूची विवरण
मुख्य लेखक: Kirk
स्वरूप: पुस्तक
भाषा:Undetermined
प्रकाशित: New York John Wiley 1985
विषय:
टैग : टैग जोड़ें
कोई टैग नहीं, इस रिकॉर्ड को टैग करने वाले पहले व्यक्ति बनें!
Thư viện lưu trữ: Trung tâm Học liệu Trường Đại học Cần Thơ
LEADER 00496nam a2200181Ia 4500
001 CTU_26609
008 210402s9999 xx 000 0 und d
082 |a 660.0321 
082 |b K59 
100 |a Kirk 
245 0 |a Concise encyclopedia of chemical technology 
245 0 |c Kirk 
260 |a New York 
260 |b John Wiley 
260 |c 1985 
650 |a chemistry, technical,technology - dictionaries 
904 |i Minh, 981015 
980 |a Trung tâm Học liệu Trường Đại học Cần Thơ